000 00522nam a2200169Ia 4500
999 _c7744
_d7744
003 OSt
005 20200514110952.0
008 190216s9999||||xx |||||||||||||| ||und||
040 _coclc
082 _a332.10688
_bAVA/M
100 _aAvadhani, V A
_9855
245 0 _aMarketing Of Financial Services /
_cV A Avadhani
260 _bHimalaya Publishing House,
_c2011.
_aNew Delhi
300 _a717p
650 0 _aSocial sciences
_vEconomics
_91086
942 _cBK
_2ddc
_h332.10688
_iAVA/M
_k332.10688
_mAVA/M